000 00501nam a2200181Ia 4500
003 GCL
008 140319s9999 xx 000 0 ara d
040 _aGCL /
_cGCL
082 0 4 _aط
_b371.33
_bع م
100 1 _aعاطف عبدالرشيد
245 1 0 _aمروحة الحروف /
_cعاطف عبدالرشيد
260 _a[S.N] :
_bسفير
490 _a
650 0 4 _aالتعليم
650 0 4 _aالاطفال
650 0 4 _aالمواد السمعية والبصرية
942 _2ddc
_cBK
999 _c57502
_d57502